000 02402nam a22003617a 4500
003 DO-SdBNP
005 20230710121656.0
007 ta
008 110301s2021 dr ac 000 0 spa d
020 _a9789945613964 (v. 3)
040 _aDO-SdBNP
_bspa
_cBPMSU
082 4 _a972.93053
_bA185f 2021
_222
100 1 _aAcosta Matos, Eliades
245 1 0 _aFugas equivocadas Machado, Batista y Trujillo :
_b una historia de violencia y traición /
_cEliades Acosta Matos, Pablo Llabre Raurell; Cuidado de la edición, Enrique Soldevilla Enríquez.
260 _aSanto Domingo :
_bArchivo General de la Nación,
_c2021
300 _av. ;
_c23 cm.
490 0 _aArchivo General de la Nación,
_v424
500 _aIncluye datos biográficos de los autores en las solapas de la cubierta, y la contracubierta
500 _aIncluye referencias bibliográficas y notas al pié de las páginas.
500 _a
505 _aVolumen III --
_gCapítulo XV --
_tJugando a las invasiones y los desembarcos --
_tPasando el Rubicón --
_tLa recta final hacia el abrazo --
_gCapítulo XVI --
_tLa voz del buen sentido y la responsabilidad --
_tPrendas de amistad --
_tNubes sobre La Habana --
_tCerrando el auspicioso año de 1957 --
_gCapítulo XVII --
_tHuyéndole a esto --
_tDe vuelta a los buenos viejos tiempos --
_tHacia el ocaso definitivo --
_gCapítulo XVIII --
_tLa estampida --
_tUna estampida deliberadamente difuminada --
_tOrganizando la fuga --
_tCiudad Trujillo y los primeros encuentros --
_gCapítulo XIX --
_tTrujillo se desencadena --
_tEl tirano incómodo --
_tEl diluvio descubierto desde Ciudad Trujillo --
_gCapítulo XX --
_tUna casa de espantos --
_tMovilizaciones e inmovilidades --
_tPlanes rocambolescos --
_gCapítulo XXI --
_tUn final de opereta --
_tDesesperación --
_tCon espantoso tesón --
_tTestimonio gráfico /
590 _aInventariado, 2023/VM
600 1 4 _aTrujillo Molina, Rafael Leónidas
_d1891-1961
600 1 4 _aMachado y Morales, Geraldo
_d1871-1939
600 1 4 _aBatistas y Zaldívar, Fulgencio
_d1901-1973
651 4 _aRepública Dominicana
_xHistoria
_yEra de Trujillo, 1930-1961
651 4 _aRepública Dominicana
_zCuba
_xRelaciones exteriores
651 4 _aCaribe (Región)
_xPolítica y gobierno
_ySiglo XX.
700 1 _aLlabre Raurell, Pablo
700 1 _aSoldevilla Enríquez, Enrique,
_eed.
910 _aVMateo V. Control de calidad (BPMSU)
942 _2ddc
_cBK
999 _c14412
_d14412